13.67
| 資料類型: | 圖書 | 書目號: | 48631 |
Leader xxxxxxxxxx 001 __ PCLIS00048631 005 __ 20221011112231.0 010 0_ |a978-957-33-3080-6|b平裝|dNT$350 100 __ |a20150417d2014 m y0chiy09 e 101 0_ |achi 102 __ |atw 105 __ |ay z 000ay 200 1_ |a13.67|f陳浩基作 205 __ |a初版 210 __ |a臺北市|c皇冠文化|d2014[民103] 215 0_ |a495面|d21公分 225 2_ |a皇冠叢書|v第4401種 225 1_ |aJoy|v170 306 __ |a2015年2刷 410 _1 |12001|a皇冠叢書|v第4401種 410 _1 |12001|aJoy|v170 681 __ |a857.81|b8734 700 _1 |a陳|b浩基|4作 801 _0 |atw|b內湖高中|c20140417|gCCR |